00599nam a2200169Ia 4500008004100000100002800041245012400069260001100193300002100204440004800225521001000273650002500283650004200308650002300350650002300373650003300396140626s9999 xx 000 0 und d aKulatunga-Moruzi, Chan. aTeaching postraining :binfluencing diagnostic strategy with instruction at test /cChan Kulatunga-Moruzi ... [et al.]. cc2011. a17 : 3, page 195 aJournal of Experimental Psycholgy : Applied aPSYCH aAnalytic processing. aCoordination of diagnostic processes. aMedical cognition. aMedical education. aSimilarity-based processing.